| 000 | 00000nas 2200000za 4500 |
| 001 | 9.830183 |
| 003 | CaOODSP |
| 005 | 20250403105830 |
| 007 | cr ||||||||||| |
| 008 | 170109c20169999xxc x m o||||f0 |0fre|d |
| 040 | |aCaOODSP|bfre |
| 043 | |an-cn--- |
| 086 | 1 |aCS98-501F-PDF |
| 245 | 00|aAperçu de la diffusion et de ses concepts |h[ressource électronique] |
| 260 | |aOttawa : |bStatistique Canada,|c[2016]- |
| 310 | |aIrrégulier |
| 362 | 1 |a[Déc. 2016]- |
| 500 | |aPubl. également en anglais sous le titre: Release and concepts overview. |
| 710 | 2 |aStatistique Canada. |
| 775 | 08|tRelease and concepts overview |w(CaOODSP)9.830181 |